| 000 | 00833cam5a220022900 4500 | ||
|---|---|---|---|
| 001 | lcu00017160 | ||
| 003 | DLC | ||
| 005 | 20190830120620.0 | ||
| 008 | 941028s1969 rh f eng | ||
| 010 | _a 94223995 | ||
| 035 | _a(Sirsi) r72558 | ||
| 035 | _a(DLC) 94223995 | ||
| 035 | _a(UPRA)lcu00017160 | ||
| 040 |
_aDLC _cDLC _dUPRA |
||
| 050 | 0 | 0 | _aMLCM 94/2842 (J) |
| 110 | 1 |
_bThird Commission to Inquire into the Purchasing Power of Money. _6A33611.1 |
|
| 245 | 1 | 0 |
_aReport of the Third Commission to Inquire into the Purchasing Power of Money : _bappointed in terms of subsection (2) of section 13 of the Electoral Act (chapter 2). |
| 260 |
_aSalisbury, Rhodesia : _bThe Commission, _c[1969] |
||
| 500 | _aSir Cornelius Greenfield, Chairman. | ||
| 949 |
_aMLCM 94/2842 (J) _wlcc _mMAIN _tBOOK _lON-SHELF |
||
| 004 | 72558 | ||
| 999 |
_c196047 _d196047 |
||